1402 1456 1346 1298 1244 1704 1638 1055 1290 1167 1049 1246 1143 1993 1120 1740 1914 1611 1339 1387 1727 1396 1257 1379 1881 1894 1194 1139 1595 1047 1241 1238 1984 1413 1759 1906 1892 1851 1753 1695 1778 1563 1728 1308 1834 1039 1142 1229 1126 1449 1442 1371 1655 1481 1453 1040 1765 1201 1306 1816 1865 1215 1132 1133 1086 1144 1936 1863 1738 1999 1520 1421 1643 1777 1131 1089 1448 1003 1750 1840 1719 1365 1499 1245 1572 1428 1284 1376 1471 1877 1746 1599 1271 1774 1740 1857 1597 1112 1450 BCNSPRNW ULIB Ver.6.0+V

เปลี่ยนเป็นภาษาไทย

Change to English
 แสดงรายละเอียดบรรณานุกรม
  กลับหน้าหลัก

Brief Record : Get Marc (ISO 2709) : E-mail record : QR code < ปิดหน้าต่าง
LEADER : 00000nam 2200000uu 4500
001    13399111767
003     ULIB
008    110627s2553||||th 000 0 tha d
020    9786160601295
090    นว.^bส731ค 2553
100 0  สิรินดา
245 00 ความรู้สึกดีที่เรียกว่ารัก : ลบรอยรัก/^cสิรินดา
250    พิมพ์ครั้งที่ 2
260    กรุงเทพฯ :^bแจ่มใส,^c2553
300    251 หน้า
945    ^p159^l0^i028061
995    ทศพร
999 ^a ใช้งานได้ทุกระบบ
รายการนี้ยังไม่มีแท็ก
คุณยังไม่ได้ล็อกอิน คุณสามารถมีกิจกรรมร่วมกับเว็บไซต์ได้ แต่ต้องล็อกอินก่อน ::
  ล็อกอิน

รายการสื่อสารสนเทศ

ลำดับที่ ประเภท เลขเรียก/บาร์โค้ด สถานที่ สถานะ
- ไม่พบข้อมูล -

รายการใกล้เคียง
    ผู้แต่ง [สิรินดา]

BibComment


ยังไม่เคยถูกคอมเมนท์

คอมเมนท์ทรัพยากรรายการนี้
  คอมเมนท์: ความรู้สึกดีที่เร..


 Copyright 2026. Bcnsprnw @Library